BSOP header

Human and divine being (Record no. 50988)

MARC details
000 -LEADER
fixed length control field 01482cam a22003857i 4500
001 - CONTROL NUMBER
control field 19739998
005 - DATE AND TIME OF LATEST TRANSACTION
control field 20220304145604.0
008 - FIXED-LENGTH DATA ELEMENTS--GENERAL INFORMATION
fixed length control field 170621t20172017orua b 001 0 eng d
010 ## - LIBRARY OF CONGRESS CONTROL NUMBER
LC control number 2017275323
020 ## - INTERNATIONAL STANDARD BOOK NUMBER
International Standard Book Number 9781498293365
020 ## - INTERNATIONAL STANDARD BOOK NUMBER
International Standard Book Number 1498293360
020 ## - INTERNATIONAL STANDARD BOOK NUMBER
International Standard Book Number 9781498293389
020 ## - INTERNATIONAL STANDARD BOOK NUMBER
International Standard Book Number 1498293387
035 ## - SYSTEM CONTROL NUMBER
System control number (OCoLC)ocn983203306
100 1# - MAIN ENTRY--PERSONAL NAME
Personal name Wallenfang, Donald,
Relator term author
245 10 - TITLE STATEMENT
Title Human and divine being
Medium [electronic resource] :
Remainder of title a study on the theological anthropology of Edith Stein /
Statement of responsibility, etc Donald Wallenfang ; foreword by John C. Cavadini.
246 30 - VARYING FORM OF TITLE
Title proper/short title Study on the theological anthropology of Edith Stein
260 ## - PUBLICATION, DISTRIBUTION, ETC. (IMPRINT)
Place of publication, distribution, etc Eugene, OR :
Name of publisher, distributor, etc Cascade Books,
Date of publication, distribution, etc ©2017
300 ## - PHYSICAL DESCRIPTION
Extent 1 online resource (xxxiii, 240 pages) :
Other physical details illustrations ;
Dimensions 23 cm.
336 ## - CONTENT TYPE
Content Type Term text
Content Type Code txt
Source rdacontent
337 ## - MEDIA TYPE
Media Type Term computer
Media Type Code n
Source rdamedia
338 ## - CARRIER TYPE
Carrier Type Term online resource
Carrier Type Code nc
Source rdacarrier
490 1# - SERIES STATEMENT
Series statement Veritas ;
Volume number/sequential designation 23
504 ## - BIBLIOGRAPHY, ETC. NOTE
Bibliography, etc Includes bibliographical references and index.
600 10 - SUBJECT ADDED ENTRY--PERSONAL NAME
Personal name Stein, Edith,
Titles and other words associated with a name Saint,
Dates associated with a name 1891-1942.
600 17 - SUBJECT ADDED ENTRY--PERSONAL NAME
Personal name Stein, Edith,
Titles and other words associated with a name Saint,
Dates associated with a name 1891-1942.
Source of heading or term fast
650 #0 - SUBJECT ADDED ENTRY--TOPICAL TERM
Topical term or geographic name as entry element Theological anthropology
General subdivision Christianity.
650 #0 - SUBJECT ADDED ENTRY--TOPICAL TERM
Topical term or geographic name as entry element Philosophical theology.
650 #7 - SUBJECT ADDED ENTRY--TOPICAL TERM
Topical term or geographic name as entry element Philosophical theology.
Source of heading or term fast
650 #7 - SUBJECT ADDED ENTRY--TOPICAL TERM
Topical term or geographic name as entry element Theological anthropology
General subdivision Christianity.
Source of heading or term fast
655 #4 - INDEX TERM--GENRE/FORM
Genre/form data or focus term Electronic books
830 #0 - SERIES ADDED ENTRY--UNIFORM TITLE
Uniform title Veritas (Eugene, Oregon)
856 ## - ELECTRONIC LOCATION AND ACCESS
Uniform Resource Identifier <a href="https://drive.google.com/file/d/1ZZbWq8SSZOoTYcYfOJ4qoN2MakgfOZJd/view?usp=sharing">https://drive.google.com/file/d/1ZZbWq8SSZOoTYcYfOJ4qoN2MakgfOZJd/view?usp=sharing</a>
942 ## - ADDED ENTRY ELEMENTS (KOHA)
Source of classification or shelving scheme Library of Congress Classification
Item type eBooks
Holdings
Withdrawn status Lost status Source of classification or shelving scheme Damaged status Not for loan Home library Current library Date acquired Inventory number Total Checkouts Date last seen Price effective from Koha item type
    Library of Congress Classification     BSOP Library Digital Library 05/10/2024 eB-00905   05/10/2024 05/10/2024 eBooks
BSOP

Biblical Seminary of the Philippines
  All rights Reserved
  © 2024

CONTACT INFORMATION

Biblical Seminary of the Philippines,
  77-B Karuhatan Road, Valenzuela City,
  PHILIPPINES 1441
  Phone: +632 8292-6795 / 8292-6798
  Fax : +632 8292-6675
  Email: library@bsop.edu.ph